Nationality of Actors and Actresses - Statistics

General Stats
  • This quiz has been taken 80 times
  • The average score is 36 of 75
Answer Stats
Hint Answer % Correct
Leonardo DiCaprio American
77%
Tom Cruise American
77%
Meryl Streep American
74%
Monica Bellucci Italian
73%
Arnold Schwarzenegger Austrian
71%
Daniel Craig British
70%
Jackie Chan Chinese
70%
Hugh Jackman Australian
69%
Marion Cotillard French
67%
Priyanka Chopra Indian
67%
Charlize Theron South African
67%
Jodie Foster American
63%
Anthony Hopkins British
63%
Gal Gadot Israeli
63%
Salma Hayek Mexican
61%
Antonio Banderas Spanish
61%
Sean Connery British
60%
Ken Watanabe Japanese
60%
Penélope Cruz Spanish
59%
Alexander Skarsgard Swedish
59%
Alain Delon French
57%
Natalie Portman Israeli
57%
Yunjin Kim South Korean
57%
Javier Bardem Spanish
57%
Margot Robbie Australian
56%
Bruce Lee Chinese
56%
Mads Mikkelsen Danish
56%
Jean Reno French
56%
Colin Farrell Irish
56%
Jessica Alba American
54%
Cate Blanchett Australian
54%
Heath Ledger Australian
54%
Goran Višnjić Croatian
53%
Ewan McGregor British
51%
Sofía Vergara Colombian
51%
Omar Sharif Egyptian
51%
Daniel Brühl German
51%
Zsa Zsa Gabor Hungarian
51%
Christoph Waltz Austrian
50%
Rade Šerbedžija Croatian
50%
Jean-Claude van Damme Belgian
49%
Saoirse Ronan Irish
49%
Catherine Zeta-Jones British
47%
Greta Garbo Swedish
46%
Viggo Mortensen Danish
44%
Kenneth Branagh British
43%
Gerard Butler British
43%
Pierce Brosnan Irish
41%
Lupita Nyong'o Kenyan
41%
Pamela Anderson Canadian
39%
Diego Luna Mexican
39%
Dolph Lundgren Swedish
39%
Russell Crowe New Zealand
37%
Yul Brynner Russian
36%
Alicia Vikander Swedish
36%
Rachel McAdams Canadian
34%
Keanu Reeves Canadian
33%
Rutger Hauer Dutch
33%
Naomi Watts Australian
31%
Nikolaj Coster-Waldau Danish
30%
Pedro Pascal Chilean
29%
Leslie Nielsen Canadian
27%
Andy Garcia Cuban
27%
Connie Nielsen Danish
27%
Oscar Isaac Guatemalan
27%
Bud Spencer Italian
26%
Sofia Boutella Algerian
24%
Djimon Hounsou Beninese
24%
Michael Fassbender Irish
24%
Peter O'Toole Irish
24%
Richard Harris Irish
24%
Anna Paquin New Zealand
23%
Sam Neill New Zealand
23%
Morena Baccarin Brazilian
20%
Liam Neeson British
17%
No matching quizzes found
Score Distribution
Percent of People with Each Score
Percentile by Number Answered
Your Score History
You have not taken this quiz